[Event "Phuket Blue Chevaliers op"]
[Site "Phuket"]
[Date "2023.07.27"]
[Round "7"]
[White "Dungca, Ryan"]
[Black "Sek, Konstantin"]
[Result "0-1"]
[WhiteElo "2165"]
[BlackElo "2392"]
[PlyCount "102"]
[EventDate "2023.07.23"]
[EventType "swiss"]
[EventRounds "9"]
[EventCountry "THA"]
[SourceTitle "CBM 215 Extra"]
[Source "ChessBase"]
[SourceDate "2023.09.30"]
[SourceVersion "1"]
[SourceVersionDate "2023.09.30"]
[SourceQuality "1"]

1. d4 Nf6 2. Nf3 e6 3. Bf4 c5 4. e3 Nc6 5. Nbd2 d5 6. c3 Qb6 7. Rb1 Nh5 8. Bg5 h6 9. Bh4 g5 10. Ne5 Nxe5 11. Qxh5 gxh4 12. Qxe5 Rg8 13. Nf3 Bd7 14. Qh5 cxd4 15. exd4 0-0-0 16. Qxh4 Qa5 17. Qf4 Qxa2 18. Qc1 Qa5 19. g3 f6 20. Be2 e5 21. 0-0 e4 22. Nh4 Rg5 23. c4 dxc4 24. Ra1 Qb6 25. Bxc4 Kb8 26. Qe3 f5 27. Ng2 Bc8 28. Rfd1 Bg7 29. Qf4+ Qd6 30. Qxd6+ Rxd6 31. h4 Rg4 32. Be2 Rgg6 33. Nf4 Rgf6 34. Rd2 Rf7 35. Rad1 Rc7 36. Ng2 a6 37. Ne3 b5 38. Bf1 Bf6 39. Bg2 h5 40. Bf1 Bg7 41. Ng2 Bh6 42. Ne3 Rg7 43. Kh1 Bxe3 44. fxe3 Rxg3 45. Re1 Rdg6 46. Kh2 R3g4 47. Bh3 Rxh4 48. Rg2 Rgg4 49. Rh1 f4 50. exf4 Rxf4 51. Kg3 Bxh3 0-1

[Event "Phuket Blue Chevaliers op"]
[Site "Phuket"]
[Date "2023.07.27"]
[Round "6"]
[White "Koganti, Ashleesh"]
[Black "Dungca, Ryan"]
[Result "0-1"]
[WhiteElo "1722"]
[BlackElo "2165"]
[PlyCount "100"]
[EventDate "2023.07.23"]
[EventType "swiss"]
[EventRounds "9"]
[EventCountry "THA"]
[SourceTitle "CBM 215 Extra"]
[Source "ChessBase"]
[SourceDate "2023.09.30"]
[SourceVersion "1"]
[SourceVersionDate "2023.09.30"]
[SourceQuality "1"]

1. d4 Nf6 2. c4 e6 3. g3 c5 4. d5 exd5 5. cxd5 b5 6. e4 Nxe4 7. Bg2 Nd6 8. Nf3 Be7 9. 0-0 0-0 10. Bf4 a5 11. Nc3 Ra6 12. Re1 Rb6 13. Qe2 Bf6 14. Bxd6 Rxd6 15. Qxb5 Rb6 16. Qxc5 Rxb2 17. Ne4 Na6 18. Nxf6+ Qxf6 19. Qxa5 Nb4 20. Rab1 Nxa2 21. g4 h6 22. Rxb2 Qxb2 23. Qc7 Nc3 24. Qd6 Qa2 25. Qe5 Qc4 26. Kh1 Nb5 27. g5 d6 28. Qb2 h5 29. Nd2 Qf4 30. Ne4 Bd7 31. Qe2 h4 32. Qe3 Qf5 33. Nd2 f6 34. gxf6 Qxf6 35. Bh3 Bxh3 36. Qxh3 Qf5 37. Qxh4 Qxd5+ 38. Ne4 Nc3 39. Kg1 Ne2+ 40. Kf1 Nf4 41. Qg4 Rf5 42. h4 Kh8 43. Ng5 Rxg5 44. Re8+ Kh7 45. hxg5 Qh1+ 46. Qg1 Qh3+ 47. Ke1 Qc3+ 48. Kf1 Qc1+ 49. Re1 Qc4+ 50. Re2 Qxe2# 0-1

[Event "Phuket Blue Chevaliers op"]
[Site "Phuket"]
[Date "2023.07.24"]
[Round "2"]
[White "Chua, Jia Tien"]
[Black "Dungca, Ryan"]
[Result "0-1"]
[WhiteElo "1791"]
[BlackElo "2165"]
[PlyCount "88"]
[EventDate "2023.07.23"]
[EventType "swiss"]
[EventRounds "9"]
[EventCountry "THA"]
[SourceTitle "CBM 215 Extra"]
[Source "ChessBase"]
[SourceDate "2023.09.30"]
[SourceVersion "1"]
[SourceVersionDate "2023.09.30"]
[SourceQuality "1"]

1. e4 Nf6 2. e5 Nd5 3. c4 Nb6 4. d4 d6 5. exd6 cxd6 6. Nc3 g6 7. Be3 Bg7 8. Nf3 0-0 9. Be2 Bg4 10. h3 Bxf3 11. Bxf3 Nc6 12. Be2 d5 13. c5 Nc4 14. 0-0 Nxe3 15. fxe3 Bh6 16. Qd2 e5 17. dxe5 d4 18. Nd1 dxe3 19. Qc3 Qd4 20. e6 fxe6 21. Re1 Rf5 22. Qb3 Rxc5 23. Qxe6+ Kh8 24. Nc3 Re5 25. Qb3 Re7 26. Rad1 Qh4 27. Rf1 Nd4 28. Qd5 Nf5 29. Rf3 Rae8 30. Rdf1 Bg7 31. Rf4 Qg3 32. Ne4 Rxe4 33. Rxe4 Be5 34. Rxe5 Qxe5 35. Qxb7 Rb8 36. Qxa7 Rxb2 37. Qf7 Rb8 38. Bd3 e2 39. Bxe2 Qxe2 40. Qf6+ Kg8 41. Rf3 Qd1+ 42. Rf1 Qd4+ 43. Qxd4 Nxd4 44. Rf2 Ra8 0-1

[Event "Bangkok Big Rook op"]
[Site "Bangkok"]
[Date "2023.05.07"]
[Round "7"]
[White "Dungca, Ryan"]
[Black "Wongsawan, Thoetsak"]
[Result "1-0"]
[WhiteElo "2157"]
[BlackElo "1857"]
[PlyCount "99"]
[EventDate "2023.05.04"]
[EventType "swiss"]
[EventRounds "7"]
[EventCountry "THA"]
[SourceTitle "CBM 214 Extra"]
[Source "ChessBase"]
[SourceDate "2023.07.31"]
[SourceVersion "1"]
[SourceVersionDate "2023.07.31"]
[SourceQuality "1"]

1. e4 c6 2. d4 d5 3. Nc3 dxe4 4. Nxe4 Nf6 5. Nxf6+ exf6 6. Nf3 Bd6 7. Bd3 0-0 8. 0-0 Re8 9. h3 Nd7 10. c3 Nf8 11. Be3 Ne6 12. Qc2 h6 13. Rfe1 Bd7 14. a4 a5 15. Qd2 Qc7 16. Bxh6 Bf4 17. Bxf4 Nxf4 18. Bf1 Bf5 19. Rxe8+ Rxe8 20. Re1 Rxe1 21. Nxe1 g6 22. h4 Qe7 23. Qe3 Qc7 24. c4 Kg7 25. g3 Ne6 26. Bg2 Qd6 27. d5 cxd5 28. cxd5 Nc5 29. Qd4 b6 30. Nf3 Bc2 31. Nd2 Nb3 32. Nxb3 Bxb3 33. g4 Qb4 34. Qxb4 axb4 35. f4 Bxa4 36. f5 gxf5 37. gxf5 Bc2 38. Bh3 Be4 39. d6 Kf8 40. Kf2 Ke8 41. Ke3 Bc6 42. Bg4 Kd7 43. h5 Ke8 44. Bf3 Bd7 45. Kf4 Kf8 46. h6 Kg8 47. Bd5 Be8 48. h7+ Kxh7 49. Bxf7 Bd7 50. Be6 1-0

[Event "Hong Kong op"]
[Site "Hong Kong"]
[Date "2014.10.05"]
[Round "9"]
[White "Lim, Kian Hwa"]
[Black "Dungca, Ryan"]
[Result "1-0"]
[WhiteElo "1787"]
[BlackElo "2166"]
[PlyCount "94"]
[EventDate "2014.10.01"]
[EventType "swiss"]
[EventRounds "9"]
[EventCountry "HKG"]
[SourceTitle "CBM 162 Extra"]
[Source "ChessBase"]
[SourceDate "2014.10.17"]
[SourceVersion "1"]
[SourceVersionDate "2014.10.17"]
[SourceQuality "1"]

1. e4 c5 2. Nc3 Nc6 3. g3 g6 4. Bg2 Bg7 5. d3 d6 6. Be3 Nd4 7. Qd2 Qa5 8. f4 Rb8 9. h3 e6 10. Nge2 Nxe2 11. Kxe2 Ne7 12. Nd1 Qc7 13. Re1 0-0 14. Kf1 b5 15. g4 f5 16. Kg1 d5 17. Qf2 d4 18. Bd2 a5 19. Qh4 Bf6 20. Qf2 Bg7 21. Qh4 Rf7 22. Nf2 Bf6 23. Qg3 Kh8 24. Re2 Bb7 25. Rae1 fxg4 26. hxg4 g5 27. Nh3 gxf4 28. Bxf4 e5 29. Bg5 Bg7 30. Bd2 Ng6 31. Ng5 Re7 32. Qh2 Bf6 33. Nf3 Bc8 34. g5 Bg7 35. Nh4 Nxh4 36. Qxh4 Kg8 37. Rf1 Bd7 38. g6 Bf8 39. Rxf8+ Rxf8 40. Qxe7 hxg6 41. Rf2 Rxf2 42. Kxf2 Qb7 43. Bh6 Bc6 44. Qxb7 Bxb7 45. Bh3 Kf7 46. Bg5 Ba6 47. Bd7 b4 1-0

[Event "Bangkok op 14th"]
[Site "Bangkok"]
[Date "2014.04.15"]
[Round "5"]
[White "Kreisl, Robert"]
[Black "Dungca, Ryan"]
[Result "1/2-1/2"]
[WhiteElo "2435"]
[BlackElo "2205"]
[PlyCount "23"]
[EventDate "2014.04.12"]
[EventType "swiss"]
[EventRounds "9"]
[EventCountry "THA"]
[SourceTitle "CBM 159 Extra"]
[Source "ChessBase"]
[SourceDate "2014.04.24"]
[SourceVersion "1"]
[SourceVersionDate "2014.04.24"]
[SourceQuality "1"]

1. d4 Nf6 2. c4 c5 3. d5 b5 4. cxb5 a6 5. bxa6 Bxa6 6. Nc3 d6 7. e4 Bxf1 8. Kxf1 g6 9. Nf3 Nbd7 10. g3 Bg7 11. Kg2 0-0 12. a4 1/2-1/2

[Event "Manila PSC Cup"]
[Site "Manila"]
[Date "2013.01.17"]
[Round "6"]
[White "Dungca, Ryan"]
[Black "Bancod, Ronald"]
[Result "1/2-1/2"]
[WhiteElo "2132"]
[BlackElo "2310"]
[PlyCount "146"]
[EventDate "2013.01.14"]
[EventType "swiss"]
[EventRounds "9"]
[EventCountry "PHI"]
[SourceTitle "CBM 152 Extra"]
[Source "ChessBase"]
[SourceDate "2013.02.25"]
[SourceVersion "1"]
[SourceVersionDate "2013.02.25"]
[SourceQuality "1"]

1. e4 e5 2. Bc4 Nc6 3. Nc3 Nf6 4. d3 Bc5 5. f4 0-0 6. f5 Nd4 7. Bg5 c6 8. a3 a5 9. Nf3 Re8 10. Ba2 d5 11. Nd2 h6 12. Bh4 Bxf5 13. exf5 Nxf5 14. Bxf6 Qxf6 15. Qf3 Nd4 16. Qxf6 Nxc2+ 17. Kd1 Ne3+ 18. Ke2 gxf6 19. Rac1 Ba7 20. g4 Ng2 21. Kf3 Nf4 22. Bb1 Ne6 23. Ne2 h5 24. h3 Kf8 25. Ng3 hxg4+ 26. hxg4 Ke7 27. Nf5+ Kd7 28. Rh6 Nd4+ 29. Nxd4 Bxd4 30. Ke2 Re6 31. Nb3 Rg8 32. Rh4 Bb6 33. Nc5+ Bxc5 34. Rxc5 f5 35. gxf5 Rf6 36. Rh2 b6 37. Rc1 Rxf5 38. Rf1 Rxf1 39. Kxf1 Rg4 40. Bc2 b5 41. Rh6 Rf4+ 42. Ke1 f6 43. Rh7+ Kd6 44. Ra7 a4 45. Bd1 Kc5 46. Rc7 Rh4 47. Kd2 Rh2+ 48. Kc1 f5 49. d4+ exd4 50. Rf7 d3 51. Rxf5 Kc4 52. Rh5 Rf2 53. Rh6 c5 54. Rh4+ d4 55. Rh3 Rg2 56. Rf3 Rg5 57. Rh3 Rg2 58. Rf3 Rg1 59. Kd2 Rg2+ 60. Kc1 Rg8 61. Rh3 Rg6 62. Rf3 Rb6 63. Kd2 b4 64. Rxd3 b3 65. Rh3 Rf6 66. Be2+ Kd5 67. Bb5 Rf2+ 68. Kd3 Rxb2 69. Rh5+ Kd6 70. Bxa4 Rc2 71. Rd5+ Kxd5 72. Bxb3+ c4+ 73. Kxc2 cxb3+ 1/2-1/2